Greek clubs that have made it to European Competitions - Statistics

General Stats
  • This quiz has been taken 22 times
  • The average score is 9 of 13
Answer Stats
Competitions Answer % Correct
UCL,UEL,UCWC AEK
100%
UCL,UEL,UECL,UCWC Olympiakos
100%
UCL,UEL,UECL,UCWC Panathinaikos
100%
UEL,UECL,UCWC PAOK
92%
UCL,UEL,UCWC AEL
75%
UEL,UCWC Aris
75%
UEL Asteras Tripolis
67%
UEL,UCWC OFI
67%
UEL,UCWC Panionios
67%
UCWC Iraklis
58%
UEL Egaleo
50%
UCWC Kastoria
50%
UCWC Athinaikos
42%
No matching quizzes found
Score Distribution
Percent of People with Each Score
Percentile by Number Answered
Your Score History
You have not taken this quiz